[Event "KP 2024/25,TJ Nachod B-J. Jaromer"]
[Site "?"]
[Date "2025.02.02"]
[Round "7.7"]
[White "Bednar, Jiri"]
[Black "Marxova, Sarka"]
[Result "1/2-1/2"]
[WhiteElo "1906"]
[BlackElo "1658"]
[PlyCount "81"]
[EventDate "3.??.??"]

1. e4 c5 2. Nf3 d6 3. d4 cxd4 4. Qxd4 Nc6 5. Bb5 Bd7 6. Qd3 g6 7. Nc3 Bg7 8.
Bxc6 bxc6 9. O-O Nf6 10. e5 dxe5 11. Nxe5 O-O 12. Nxd7 Qxd7 13. Qf3 Rfd8 14.
Bg5 h6 15. Bxf6 Bxf6 16. Rad1 Qb7 17. Na4 Qb5 18. b3 Rac8 19. Qe3 Kg7 20. Nc5
Qb6 21. c4 e6 22. Ne4 Qxe3 23. fxe3 Rxd1 24. Rxd1 Rd8 25. Rxd8 Bxd8 26. b4 Bc7
27. a4 e5 28. Kf2 f5 29. Nc5 Kf7 30. Na6 Bd6 31. c5 Be7 32. Nb8 a5 33. Nxc6
axb4 34. Nxb4 Bxc5 35. Nc6 Ke6 36. Kf3 e4+ 37. Ke2 Kd6 38. Nd8 Ke7 39. Nc6+ Kd6
40. Nd8 Ke7 41. Nc6+ 1/2-1/2

[Event "KP 2024/25,TJ Nachod B-J. Jaromer"]
[Site "?"]
[Date "2025.02.02"]
[Round "7.8"]
[White "Kunes, Jan"]
[Black "Vokurka, Vilem"]
[Result "0-1"]
[WhiteElo "1901"]
[BlackElo "1592"]
[PlyCount "68"]
[EventDate "3.??.??"]

1. e4 c6 2. Nc3 d5 3. Nf3 dxe4 4. Nxe4 Nf6 5. Nxf6+ exf6 6. d4 Bd6 7. Bd3 O-O
8. O-O Re8 9. h3 Nd7 10. c4 Nf8 11. Qc2 Be6 12. Be3 Qd7 13. Nh4 g6 14. c5 Bc7
15. f4 Bxh3 16. Qf2 Bg4 17. Nf3 Bxf3 18. Qxf3 Ne6 19. Qf2 Rad8 20. Bc4 Ng7 21.
Bd3 Nf5 22. Bxf5 Qxf5 23. Rad1 Re4 24. g3 Rde8 25. Rfe1 Qe6 26. Bd2 Qxa2 27.
Rxe4 Rxe4 28. Bc3 Ba5 29. Qf3 Re8 30. d5 Bxc3 31. Qxc3 cxd5 32. Qxf6 Qb3 33.
Qd4 Qxg3+ 34. Kf1 Re4 0-1

[Event "KP 2024/25,SK Lomnice-SK Lipa B"]
[Site "?"]
[Date "2025.02.02"]
[Round "7.1"]
[White "Novotny, Jaroslav"]
[Black "Szucs, Matyas"]
[Result "0-1"]
[WhiteElo "2150"]
[BlackElo "2107"]
[PlyCount "136"]
[EventDate "2025.02.02"]
[WhiteTeam "SK Lomnice nad Popelkou"]
[BlackTeam "SK Lipa B"]

1. c4 d5 2. cxd5 Nf6 3. g3 Nxd5 4. Bg2 Nc6 5. Nf3 e5 6. O-O Nb6 7. b3 Be6 8.
Bb2 f6 9. Nc3 Qd7 10. Rc1 Be7 11. Ne4 O-O 12. d4 Bf5 13. Nh4 exd4 14. Nxf5 Qxf5
15. Rxc6 bxc6 16. Qxd4 Rad8 17. Qc3 Qb5 18. Qc2 Nd5 19. e3 Nb4 20. Qb1 Qd3 21.
Bd4 Qxb1 22. Rxb1 Nc2 23. Bxa7 Ra8 24. Rc1 Nb4 25. Bd4 Rxa2 26. Bf1 Rfa8 27.
Bc4+ Kh8 28. g4 Nc2 29. Bc5 Bxc5 30. Nxc5 Ra1 31. Rxa1 Rxa1+ 32. Kg2 g5 33. Ne6
Na3 34. Bd3 Rd1 35. Be4 Rd6 36. Nc5 Kg7 37. Kf3 Nb5 38. Nb7 Rd2 39. Bxc6 Nd6
40. Nxd6 Rxd6 41. Bb5 Kf7 42. Bc4+ Ke7 43. Kg3 Rd1 44. f4 Rg1+ 45. Kf3 Rh1 46.
Kg2 Re1 47. Kf2 Rc1 48. Bg8 Rc2+ 49. Kg3 Re2 50. fxg5 fxg5 51. h4 gxh4+ 52.
Kxh4 Rxe3 53. Kg5 Kf8 54. Bc4 Kg7 55. Kf5 h6 56. Be6 Rf3+ 57. Ke5 Kg6 58. Kd4
Kf6 59. Ke4 Rf1 60. Bc4 Rf2 61. Ke3 Rc2 62. Kf4 Rd2 63. Ke3 Rd1 64. Ke4 Kg5 65.
Be6 Re1+ 66. Kd5 Rxe6 67. Kxe6 Kxg4 68. Kd7 h5 0-1

[Event "KP 2024/25,SK Lomnice-SK Lipa B"]
[Site "?"]
[Date "2025.02.02"]
[Round "7.2"]
[White "Safarik, Jakub"]
[Black "Duczynski, Martin"]
[Result "1-0"]
[WhiteElo "2148"]
[BlackElo "2089"]
[Annotator "user"]
[PlyCount "83"]
[EventDate "2025.02.02"]
[WhiteTeam "SK Lipa B"]
[BlackTeam "SK Lomnice nad Popelkou"]

{[%evp 0,83,15,19,14,7,24,44,23,10,20,18,54,62,61,-29,66,64,155,155,153,120,
109,101,140,121,140,135,143,132,159,119,139,128,146,116,164,92,86,94,111,111,
97,96,183,174,165,164,165,165,189,179,157,150,36,57,-27,102,89,80,61,78,80,23,
67,35,90,11,10,-52,-1,0,18,1,-16,1,1,1,3,-1,0,-4,0,-35,-3,-54]} 1. c4 Nf6 2.
Nc3 d5 3. cxd5 Nxd5 4. g3 c6 5. Bg2 Be6 6. Nf3 Qc8 7. Ng5 Nxc3 8. bxc3 Na6 9.
Nxe6 Qxe6 10. Qb3 Qxb3 11. axb3 Nc5 12. Rb1 O-O-O 13. b4 Nd7 14. d3 g6 15. c4
Bg7 16. O-O Kc7 17. Bf4+ Be5 18. Bxe5+ Nxe5 19. Ra1 Ra8 20. Ra5 Nd7 21. Rfa1
Kb8 22. b5 c5 23. f4 e6 24. Kf2 Re8 25. Ke3 e5 26. Kd2 Nb6 27. Bd5 Nxd5 28.
cxd5 Kc7 29. e4 Kb6 30. Ke3 f5 31. R5a2 c4 32. fxe5 Rxe5 33. Kd4 Rae8 34. exf5
cxd3 35. fxg6 Re4+ 36. Kxd3 Re3+ 37. Kd2 hxg6 38. Rxa7 R3e5 39. R7a3 Rxd5+ 40.
Rd3 Red8 41. Raa3 Kxb5 42. Rab3+ {cas} 1-0

[Event "KP 2024/25,SK Lomnice-SK Lipa B"]
[Site "?"]
[Date "2025.02.02"]
[Round "7.3"]
[White "Volman, Vaclav"]
[Black "Vasatko, Martin"]
[Result "1/2-1/2"]
[WhiteElo "1975"]
[BlackElo "1951"]
[PlyCount "66"]
[EventDate "2025.02.02"]
[WhiteTeam "SK Lomnice nad Popelkou"]
[BlackTeam "SK Lipa B"]

1. d4 Nf6 2. Nf3 d5 3. Bf4 c5 4. e3 Nc6 5. c3 Qb6 6. Qc1 Bf5 7. Nbd2 e6 8. Be2
Be7 9. Nh4 Be4 10. Nxe4 Nxe4 11. Nf3 O-O 12. O-O Rac8 13. Qb1 g5 14. Bg3 g4 15.
Ne5 Nxe5 16. Bxe5 Nd2 17. Qd1 Nxf1 18. Bxf1 h5 19. Rb1 f6 20. Bf4 Kg7 21. h3 f5
22. Qa4 Kf7 23. Be5 a6 24. dxc5 Qxc5 25. Qf4 Kg6 26. hxg4 hxg4 27. Bd3 Kf7 28.
Qh6 Rg8 29. Qh7+ Kf8 30. Qh6+ Kf7 31. Qh5+ Kf8 32. Qh6+ Kf7 33. Qh5+ Kf8
1/2-1/2

[Event "KP 2024/25,SK Lomnice-SK Lipa B"]
[Site "?"]
[Date "2025.02.02"]
[Round "7.4"]
[White "Jedlicka, Lubos"]
[Black "Blaha, Milan"]
[Result "1/2-1/2"]
[WhiteElo "2123"]
[BlackElo "1940"]
[PlyCount "55"]
[EventDate "2025.02.02"]
[WhiteTeam "SK Lipa B"]
[BlackTeam "SK Lomnice nad Popelkou"]

1. c4 e5 2. g3 Nf6 3. Bg2 c6 4. d4 Bb4+ 5. Bd2 Bxd2+ 6. Qxd2 exd4 7. Qxd4 d5 8.
Nf3 O-O 9. O-O dxc4 10. Qxc4 Na6 11. Nc3 Be6 12. Qa4 Qb6 13. Qc2 h6 14. Na4 Qb4
15. b3 Rfd8 16. Rfd1 Rxd1+ 17. Rxd1 Re8 18. e3 Bd5 19. Nc3 Nc7 20. Qb2 Bxf3 21.
Bxf3 Ne6 22. a3 Qe7 23. b4 a6 24. Qc2 Rd8 25. Na4 Rxd1+ 26. Bxd1 Qd6 27. Bf3 b5
28. Nc5 1/2-1/2

[Event "KP 2024/25,SK Lomnice-SK Lipa B"]
[Site "?"]
[Date "2025.02.02"]
[Round "7.5"]
[White "Spinka, Petr"]
[Black "Sucharda, David"]
[Result "1/2-1/2"]
[WhiteElo "1959"]
[BlackElo "2090"]
[PlyCount "69"]
[EventDate "2025.02.02"]
[WhiteTeam "SK Lomnice nad Popelkou"]
[BlackTeam "SK Lipa B"]

1. d4 Nf6 2. Nf3 c5 3. c3 b6 4. Bf4 Bb7 5. Nbd2 g6 6. e3 Bg7 7. Be2 d6 8. dxc5
bxc5 9. Qb3 Bc6 10. Bc4 d5 11. Bb5 O-O 12. Ne5 Bxb5 13. Qxb5 Qb6 14. a4 Nh5 15.
Nd3 Nxf4 16. Nxf4 Qd6 17. Rd1 d4 18. Nb3 Nd7 19. cxd4 cxd4 20. Nxd4 a6 21. Qa5
Qb6 22. Qd2 e5 23. Nd5 Qd6 24. Nc6 Kh8 25. Qc2 Qc5 26. Qxc5 Nxc5 27. Nb6 Rae8
28. Rd5 Ne4 29. O-O Re6 30. Rc1 f5 31. f3 Bh6 32. Rd3 Rd6 33. Rxd6 Bxe3+ 34.
Kf1 Nxd6 35. Rd1 1/2-1/2

[Event "KP 2024/25,SK Lomnice-SK Lipa B"]
[Site "?"]
[Date "2025.02.02"]
[Round "7.6"]
[White "Sucharda, Tomas"]
[Black "Laska, Tomas"]
[Result "1-0"]
[WhiteElo "2002"]
[BlackElo "1941"]
[PlyCount "119"]
[EventDate "2025.02.02"]
[WhiteTeam "SK Lipa B"]
[BlackTeam "SK Lomnice nad Popelkou"]

1. b3 Nf6 2. Bb2 g6 3. Nf3 Bg7 4. e3 d6 5. d4 O-O 6. c4 Nbd7 7. Nc3 c6 8. Be2
Re8 9. O-O e5 10. b4 e4 11. Nd2 Nf8 12. a4 h5 13. b5 Bg4 14. a5 a6 15. Nb3 N8h7
16. bxc6 bxc6 17. Na4 Bxe2 18. Qxe2 Nd7 19. c5 d5 20. Nb6 Ra7 21. Nc1 Nb8 22.
Rb1 f5 23. Bc3 Bh6 24. Bd2 Rf8 25. Rb3 Qe8 26. Na2 g5 27. Rfb1 Qf7 28. Nc3 f4
29. Nbxd5 f3 30. Qf1 fxg2 31. Qxg2 Nd7 32. Nb4 g4 33. Nxe4 Ndf6 34. Nd6 Qg6 35.
Nxc6 Ng5 36. Ne5 Qc2 37. R3b2 Nh3+ 38. Kh1 Qh7 39. f4 Rg7 40. Rb8 Re7 41. R1b7
Rxb7 42. Qxb7 Qc2 43. Qb3+ Qxb3 44. Rxb3 Nd5 45. c6 Rd8 46. Nf5 Bf8 47. Rb7
Nf2+ 48. Kg2 Ne4 49. Bc1 Rc8 50. Ng3 Nd6 51. Rb1 h4 52. Ne2 Ne4 53. Rb7 h3+ 54.
Kg1 Nef6 55. Ng3 Ne7 56. c7 Ned5 57. Nf5 Nxc7 58. Ng6 Ncd5 59. Ba3 Bxa3 60.
Nh6# 1-0

[Event "KP 2024/25,SK Lomnice-SK Lipa B"]
[Site "?"]
[Date "2025.02.02"]
[Round "7.7"]
[White "Dlouhy, Milan"]
[Black "Vitova, Anna"]
[Result "0-1"]
[WhiteElo "1787"]
[BlackElo "1878"]
[PlyCount "56"]
[EventDate "2025.02.02"]
[WhiteTeam "SK Lomnice nad Popelkou"]
[BlackTeam "SK Lipa B"]

1. d4 Nf6 2. Bf4 d5 3. Nc3 e6 4. Nb5 Na6 5. e3 c6 6. Nc3 Bd6 7. Bxd6 Qxd6 8.
Bxa6 bxa6 9. Na4 Rb8 10. b3 O-O 11. Nf3 Ne4 12. O-O f6 13. Ne1 e5 14. f3 Ng5
15. Nc5 a5 16. Qd2 Qc7 17. Ned3 Re8 18. Rae1 Nf7 19. c3 Nd6 20. Rf2 Qb6 21. Kh1
Bf5 22. e4 Bg6 23. Nd7 Qb5 24. Nxb8 Qxb8 25. exd5 e4 26. Qf4 exd3 27. Re6 cxd5
28. g3 Rxe6 0-1

[Event "KP 2024/25,SK Lomnice-SK Lipa B"]
[Site "?"]
[Date "2025.02.02"]
[Round "7.8"]
[White "Gloser, Tomas"]
[Black "Mikule, Zdenek"]
[Result "1/2-1/2"]
[WhiteElo "1812"]
[BlackElo "1786"]
[PlyCount "100"]
[EventDate "2025.02.02"]
[WhiteTeam "SK Lipa B"]
[BlackTeam "SK Lomnice nad Popelkou"]

1. e4 e5 2. Nf3 Nc6 3. d4 exd4 4. Nxd4 Nxd4 5. Qxd4 d6 6. Bc4 Be6 7. Nc3 Nf6 8.
Bxe6 fxe6 9. e5 dxe5 10. Qxe5 Qd6 11. Qb5+ Qc6 12. Qxc6+ bxc6 13. O-O Bd6 14.
Re1 Kf7 15. Ne4 Rhe8 16. Ng5+ Kg6 17. Nxe6 Nd5 18. Bd2 Kf6 19. Nd4 c5 20. Nc6
Nb4 21. Nxb4 cxb4 22. Rxe8 Rxe8 23. Re1 Rd8 24. Be3 Be5 25. h4 h6 26. Bxa7 Rd2
27. Bc5 Rxc2 28. Bxb4 Rxb2 29. Be7+ Kxe7 30. Rxe5+ Kd6 31. Ra5 c5 32. Ra6+ Kd5
33. Rg6 c4 34. Rxg7 c3 35. Rc7 c2 36. Kh2 Rxa2 37. g4 Ke4 38. g5 hxg5 39. hxg5
Kf5 40. Rc5+ Ke4 41. g6 Kd3 42. g7 Ra8 43. f4 Rg8 44. Rd5+ Ke3 45. Rc5 Kd3 46.
Rd5+ Kc4 47. Rd7 Kb3 48. Rb7+ Kc3 49. Rc7+ Kd2 50. Rd7+ Ke3 1/2-1/2

[Event "KP 2024/25,SSPM Lipky C-SK Lipa C"]
[Site "?"]
[Date "2025.02.02"]
[Round "7.1"]
[White "Winter, Ondrej"]
[Black "Ruda, Ondrej"]
[Result "1-0"]
[WhiteElo "2319"]
[BlackElo "1987"]
[PlyCount "99"]
[EventDate "2025.02.02"]
[SourceVersionDate "2025.02.04"]

1. e4 e5 2. Nf3 Nc6 3. d4 exd4 4. Bc4 Nf6 5. e5 d5 6. Bb5 Ne4 7. Nxd4 Bd7 8.
Bxc6 bxc6 9. O-O Bc5 10. f3 Ng5 11. f4 Ne6 12. c3 g6 13. Be3 Bxd4 14. cxd4 Ng7
15. Nc3 h5 16. Na4 O-O 17. Rc1 Rb8 18. b3 Qe7 19. Qd2 Nf5 20. Nc5 Rb6 21. Bf2
Bc8 22. Rfe1 Ng7 23. Rc2 Bf5 24. Rc3 Ne6 25. Na4 Qb4 26. Nxb6 axb6 27. Rec1 Ra8
28. R3c2 Qa3 29. Bh4 Bxc2 30. Rxc2 Qa5 31. b4 Qa4 32. Rb2 c5 33. f5 Nxd4 34.
fxg6 fxg6 35. Qh6 Qd1+ 36. Kf2 Nf5 37. Qxg6+ Ng7 38. Bf6 Qd4+ 39. Kf1 Qd1+ 40.
Kf2 Qg4 41. Qxg4 hxg4 42. bxc5 bxc5 43. Kg3 Ne6 44. Kxg4 c4 45. Kf5 c3 46. Rf2
c2 47. Rf1 Nd4+ 48. Kg6 Rxa2 49. h4 Rb2 50. h5 1-0

[Event "KP 2024/25,SSPM Lipky C-SK Lipa C"]
[Site "?"]
[Date "2025.02.02"]
[Round "7.3"]
[White "Dedek, Jan"]
[Black "Smid, Jaroslav"]
[Result "1-0"]
[WhiteElo "2121"]
[BlackElo "1926"]
[PlyCount "69"]
[EventDate "2025.02.02"]
[SourceVersionDate "2025.02.04"]

1. d4 e5 2. dxe5 Nc6 3. Nf3 Qe7 4. Bf4 Qb4+ 5. Bd2 Qxb2 6. Nc3 Bb4 7. Rb1 Qa3
8. Rb3 Qa5 9. a3 Bxc3 10. Bxc3 Qa4 11. e3 Nge7 12. Nd4 Nxd4 13. exd4 c6 14. Qd2
Nd5 15. Bb2 b6 16. Rg3 g6 17. c4 Ne7 18. Be2 Ba6 19. Qb4 Qxb4+ 20. axb4 O-O 21.
O-O Nf5 22. Ra3 Bb7 23. Bg4 Ne7 24. Bxd7 Rfd8 25. Bh3 b5 26. Rc1 bxc4 27. g3 c3
28. Rcxc3 Rxd4 29. b5 Rd1+ 30. Bf1 Nd5 31. bxc6 Bc8 32. Rd3 Rb1 33. Rxd5 Be6
34. Rd2 Rb8 35. c7 1-0

[Event "KP 2024/25,SSPM Lipky C-SK Lipa C"]
[Site "?"]
[Date "2025.02.02"]
[Round "7.4"]
[White "Nemec, Otakar"]
[Black "Novak, Radomir"]
[Result "0-1"]
[WhiteElo "1840"]
[BlackElo "2051"]
[PlyCount "100"]
[EventDate "2025.02.02"]
[SourceVersionDate "2025.02.04"]

1. e4 e6 2. d4 d5 3. Nd2 Nf6 4. e5 Nfd7 5. Bd3 c5 6. c3 Nc6 7. Ne2 cxd4 8. cxd4
Nb6 9. O-O Bd7 10. a3 a5 11. b3 Be7 12. Bb2 O-O 13. f4 f5 14. exf6 Bxf6 15. Nf3
a4 16. b4 Nc4 17. Bxc4 dxc4 18. Nc3 Ne7 19. Ne4 Nd5 20. Qd2 Qc7 21. g3 b6 22.
Rac1 Rad8 23. Qe2 b5 24. Rfe1 Rde8 25. Qd2 Bc8 26. Qf2 Qc6 27. Nc5 g5 28. fxg5
Bxg5 29. Rb1 Be3 30. Rxe3 Nxe3 31. Qxe3 Rxf3 32. Qg5+ Kf8 33. Qh6+ Ke7 34.
Qxh7+ Rf7 35. Qh4+ Kd6 36. Qh5 Rf5 37. Qh7 Ref8 38. Re1 R8f7 39. Qh8 Kc7 40.
Bc1 Rf8 41. Qh7+ Kb6 42. Bf4 Rxf4 43. gxf4 Rxf4 44. Re4 Rxe4 45. Qxe4 c3 46.
Qd3 Bb7 47. Nxb7 Kxb7 48. Qh7+ Kb6 49. Qg8 c2 50. Qb8+ Ka6 0-1

[Event "KP 2024/25,SSPM Lipky C-SK Lipa C"]
[Site "?"]
[Date "2025.02.02"]
[Round "7.5"]
[White "Sprinar, Michal"]
[Black "Tsapanidis, Vasilis"]
[Result "1/2-1/2"]
[WhiteElo "1959"]
[BlackElo "1829"]
[PlyCount "78"]
[EventDate "2025.02.02"]
[SourceVersionDate "2025.02.04"]

1. e4 e6 2. d4 d5 3. Nd2 c5 4. exd5 Qxd5 5. Ngf3 Nf6 6. Bc4 Qd8 7. O-O cxd4 8.
Nb3 Nc6 9. Nbxd4 Nxd4 10. Qxd4 Qxd4 11. Nxd4 a6 12. Re1 Be7 13. Be2 Bd6 14. Bf3
O-O 15. Bd2 Rb8 16. c4 Rd8 17. Bc3 Nd7 18. Rad1 Ne5 19. Be2 Nc6 20. Nxc6 bxc6
21. Ba5 Rd7 22. Rxd6 Rxd6 23. Bc7 Rxb2 24. Bxd6 Rxa2 25. Bf3 Bd7 26. Rb1 f6 27.
Kf1 e5 28. Rb6 Bf5 29. Ke1 Bd3 30. Rxc6 e4 31. Bg4 g6 32. Be6+ Kg7 33. Rc8 Kh6
34. c5 Re2+ 35. Kd1 Rxf2 36. c6 e3 37. Bg3 Rd2+ 38. Kc1 Rc2+ 39. Kd1 Rd2+
1/2-1/2

[Event "KP 2024/25,SSPM Lipky C-SK Lipa C"]
[Site "?"]
[Date "2025.02.02"]
[Round "7.6"]
[White "Moravec, Radovan"]
[Black "Jezbera, Jiri"]
[Result "0-1"]
[WhiteElo "1719"]
[BlackElo "2049"]
[PlyCount "44"]
[EventDate "2025.02.02"]
[SourceVersionDate "2025.02.04"]

1. d4 Nf6 2. c4 g6 3. Nf3 Bg7 4. g3 O-O 5. Bg2 d6 6. O-O c6 7. Nbd2 Qc7 8. e4
e5 9. d5 a5 10. a4 Na6 11. b3 Nc5 12. Re1 Nh5 13. Nh4 Qd8 14. Bf3 Nf4 15. Ba3
Ncd3 16. Rf1 c5 17. Bg4 f5 18. Bf3 Nh3+ 19. Kg2 Ng5 20. Kg1 Qe7 21. Nb1 fxe4
22. Bxe4 Nxf2 0-1

[Event "KP 2024/25,SSPM Lipky C-SK Lipa C"]
[Site "?"]
[Date "2025.02.02"]
[Round "7.7"]
[White "Vlcek, Vojtech"]
[Black "Beneda, Marek"]
[Result "0-1"]
[WhiteElo "1840"]
[BlackElo "1847"]
[PlyCount "204"]
[EventDate "2025.02.02"]
[SourceVersionDate "2025.02.04"]

1. d4 d5 2. c4 e6 3. Nc3 Nf6 4. Bg5 Bb4 5. e3 c6 6. Rc1 Nbd7 7. a3 Be7 8. cxd5
exd5 9. Bd3 Nb6 10. Nge2 O-O 11. O-O h6 12. Bh4 Nh5 13. Bxe7 Qxe7 14. Na4 Nxa4
15. Qxa4 f5 16. Nf4 Nxf4 17. exf4 Qd6 18. g3 g5 19. fxg5 hxg5 20. f4 g4 21.
Rce1 Bd7 22. Re5 Kg7 23. Qc2 Qf6 24. Rfe1 Rf7 25. Qc5 b6 26. Qc3 Rh8 27. b4 Qd6
28. Qc2 Rh5 29. R1e2 Kg6 30. Qa2 b5 31. Qc2 Kf6 32. Qd2 Rfh7 33. Qc2 Rf7 34.
Rf2 Rfh7 35. Qb3 Rh8 36. Be2 R5h6 37. Bd1 Ra8 38. Bc2 a5 39. Qb1 axb4 40. axb4
Rh5 41. Bd1 Rg8 42. Bc2 Ra8 43. Bd1 Rg8 44. Ra2 Rh6 45. Bc2 Rh5 46. Bd3 Rgh8
47. Ree2 R5h7 48. Ra6 Rb8 49. Re5 Rh5 50. Qe1 Bc8 51. Ra7 Bd7 52. Be2 Rbh8 53.
h4 R5h7 54. Bd3 Bc8 55. Ra8 Bd7 56. Ra2 Bc8 57. Qb1 Rh5 58. Ra8 Qd7 59. Ra2 Qc7
60. Rc2 Qb6 61. Rc5 Bd7 62. Qe1 R5h7 63. Bc2 Ra8 64. Qc3 Qa6 65. Bxf5 Qa1+ 66.
Qxa1 Rxa1+ 67. Kf2 Ra2+ 68. Ke3 Ra3+ 69. Bd3 Rh8 70. Kd2 Rha8 71. Rc3 Rxc3 72.
Kxc3 Ra3+ 73. Kd2 Ra2+ 74. Bc2 Ra3 75. Re3 Ra2 76. Kc3 Ra1 77. Kb2 Rg1 78. Kc3
Rg2 79. Bd1 Bf5 80. Kb3 Rg1 81. Bc2 Bxc2+ 82. Kxc2 Rg2+ 83. Kd1 Rb2 84. Rc3
Rxb4 85. Rxc6+ Kg7 86. Rc5 Rxd4+ 87. Ke2 b4 88. Rb5 Kg6 89. Ke3 Re4+ 90. Kd3
Rc4 91. h5+ Kh6 92. Rxd5 Rc3+ 93. Kd2 Rxg3 94. Rg5 b3 95. Kc1 Rg2 96. Kb1 g3
97. Kc1 Rc2+ 98. Kb1 g2 99. Rg8 Kxh5 100. f5 Rf2 101. f6 Rf1+ 102. Kb2 g1=Q 0-1

[Event "KP 2024/25,SSPM Lipky C-SK Lipa C"]
[Site "?"]
[Date "2025.02.02"]
[Round "7.8"]
[White "Portych, Vaclav"]
[Black "Vestfal, Jan"]
[Result "0-1"]
[WhiteElo "1799"]
[BlackElo "2065"]
[PlyCount "92"]
[EventDate "2025.02.02"]
[SourceVersionDate "2025.02.04"]

1. c4 Nf6 2. Nf3 e6 3. Nc3 b6 4. g3 Bb7 5. Bg2 Bb4 6. O-O O-O 7. a3 Bxc3 8.
bxc3 d6 9. d3 h6 10. a4 a5 11. e4 Nbd7 12. Ba3 e5 13. Nh4 Qe8 14. Nf5 Nc5 15.
Bxc5 dxc5 16. Ne3 Rd8 17. Nd5 Nxd5 18. cxd5 Bc8 19. Re1 Qe7 20. Qh5 Kh7 21. Rf1
f5 22. f4 g6 23. Qe2 exf4 24. Rxf4 Rxd5 25. Qf1 Rdd8 26. exf5 Rxf5 27. Re1 Qd6
28. Rxf5 gxf5 29. Re3 Rf8 30. Qe2 Rf7 31. c4 Qd4 32. Kh1 Qa1+ 33. Qe1 Qxe1+ 34.
Rxe1 Bd7 35. Bd5 Rg7 36. Ra1 Re7 37. Kg1 Kg7 38. Kf2 Kf6 39. Bf3 Kg5 40. h4+
Kf6 41. Ra2 Rg7 42. Bd1 Ke5 43. Kf3 Bc6+ 44. Kf2 Kd4 45. Be2 f4 46. g4 f3 0-1

[Event "KP 2024/25,J. Horice-TJ Hronov"]
[Site "?"]
[Date "2025.02.02"]
[Round "7.1"]
[White "Kulhanek, Jachym"]
[Black "Stepan, Michal"]
[Result "1/2-1/2"]
[WhiteElo "1972"]
[BlackElo "2056"]
[PlyCount "45"]
[EventDate "2025.02.02"]

1. e4 Nc6 2. Nf3 Nf6 3. Nc3 e5 4. Bc4 Nxe4 5. Nxe4 d5 6. Bxd5 Qxd5 7. Nc3 Qd8
8. O-O Bd6 9. Ne4 Be7 10. d3 f5 11. Nc3 O-O 12. Re1 Bf6 13. Be3 b6 14. Ne2 Ba6
15. h3 h6 16. Rb1 Qd6 17. Bd2 Rad8 18. Ng3 Qe6 19. Qc1 Bc8 20. Bc3 Qd5 21. Nh5
Nd4 22. Nxf6+ Rxf6 23. Nxe5 1/2-1/2

[Event "KP 2024/25,J. Horice-TJ Hronov"]
[Site "?"]
[Date "2025.02.02"]
[Round "7.2"]
[White "Velecky, Viktor"]
[Black "Flasar, Jaroslav"]
[Result "1-0"]
[WhiteElo "2037"]
[BlackElo "2044"]
[PlyCount "91"]
[EventDate "2025.02.02"]

1. c4 c5 2. Nc3 e6 3. g3 Nf6 4. Bg2 Nc6 5. Nf3 g6 6. d4 cxd4 7. Nxd4 a6 8. Bf4
Qb6 9. Nb3 Be7 10. c5 Qd8 11. e4 O-O 12. e5 Nh5 13. Bh6 Nxe5 14. Bxf8 Qxf8 15.
f4 Nc6 16. Ne4 f5 17. Nd6 Bf6 18. Qd2 Bg7 19. O-O Nf6 20. Rad1 Rb8 21. Rfe1 b6
22. Bxc6 dxc6 23. cxb6 Rxb6 24. Qa5 Rb8 25. Qc7 Bd7 26. Nc5 Rd8 27. Ndb7 Rc8
28. Qd6 Qxd6 29. Nxd6 Rb8 30. b3 Bf8 31. Nxd7 Nxd7 32. Nxf5 Bc5+ 33. Kg2 Nf6
34. Nd4 Nd5 35. Kf3 Bxd4 36. Rxd4 Kf7 37. Rc4 Rc8 38. Rec1 Ne7 39. Ke4 Rd8 40.
Ra4 Rd2 41. Rxa6 Rxh2 42. Ra7 Kf6 43. g4 Re2+ 44. Kf3 Rd2 45. g5+ Kf7 46. Rxc6
1-0

[Event "KP 2024/25,J. Horice-TJ Hronov"]
[Site "?"]
[Date "2025.02.02"]
[Round "7.3"]
[White "Stejskal, Michal"]
[Black "Drasnar, Lukas"]
[Result "1-0"]
[WhiteElo "1925"]
[BlackElo "1987"]
[PlyCount "75"]
[EventDate "2025.02.02"]

1. e4 g6 2. d4 c6 3. Nf3 Bg7 4. Nc3 d5 5. e5 Bg4 6. Bd3 e6 7. h3 Bxf3 8. Qxf3
Ne7 9. Bd2 Qb6 10. Ne2 Nf5 11. Bc3 Nd7 12. Bxf5 gxf5 13. g4 fxg4 14. hxg4 c5
15. O-O-O cxd4 16. Bxd4 Qa6 17. Nc3 Qc4 18. Qe3 b5 19. b3 Qc6 20. f4 a5 21. Qd3
b4 22. Nb5 Bf8 23. f5 a4 24. Kb2 Nc5 25. Bxc5 Bxc5 26. fxe6 fxe6 27. Rh6 a3+
28. Kb1 Kd7 29. Rxh7+ Rxh7 30. Qxh7+ Be7 31. Qd3 Rg8 32. Nd4 Qc5 33. Nxe6 Qc3
34. Qxd5+ Ke8 35. Nc7+ Qxc7 36. Qxg8+ Bf8 37. Qg6+ Ke7 38. Qh7+ 1-0

[Event "KP 2024/25,J. Horice-TJ Hronov"]
[Site "?"]
[Date "2025.02.02"]
[Round "7.4"]
[White "Prochazka, Jan"]
[Black "Hrnciarik, Karel"]
[Result "1/2-1/2"]
[WhiteElo "1850"]
[BlackElo "1936"]
[PlyCount "65"]
[EventDate "2025.02.02"]

1. e4 c5 2. Nf3 d6 3. d4 cxd4 4. Nxd4 g6 5. Nc3 Bg7 6. Be3 Nf6 7. Be2 a6 8. O-O
O-O 9. Qd2 b5 10. a3 Bb7 11. f3 Nbd7 12. Kh1 Qc7 13. Bh6 Ne5 14. Bxg7 Kxg7 15.
Rad1 Rac8 16. Qg5 Kh8 17. h4 Nc4 18. Bxc4 bxc4 19. Nce2 Qc5 20. Ng3 Qxg5 21.
hxg5 Nd7 22. Kg1 Nc5 23. Kf2 Kg7 24. Rh1 Na4 25. Rb1 Rc5 26. f4 e5 27. Ndf5+
gxf5 28. Nxf5+ Kg8 29. Ne7+ Kg7 30. Nf5+ Kh8 31. Rxh7+ Kxh7 32. Rh1+ Kg8 33.
Ne7+ 1/2-1/2

[Event "KP 2024/25,J. Horice-TJ Hronov"]
[Site "?"]
[Date "2025.02.02"]
[Round "7.5"]
[White "Sedivy, Ales"]
[Black "Vagner, Patrik"]
[Result "1-0"]
[WhiteElo "1930"]
[BlackElo "1808"]
[PlyCount "65"]
[EventDate "2025.02.02"]

1. e4 c6 2. d4 d5 3. exd5 cxd5 4. c4 Nf6 5. Nc3 Nc6 6. c5 Bf5 7. Bf4 e6 8. Nf3
Be7 9. Bb5 Nd7 10. Qa4 Qc8 11. Ne5 Ndxe5 12. Bxe5 O-O 13. Bxc6 Qxc6 14. Qxc6
bxc6 15. b4 a6 16. Kd2 Bf6 17. Na4 Bxe5 18. dxe5 Rab8 19. Nb6 Rb7 20. Kc3 h6
21. a3 Ra7 22. Ra2 Rb8 23. a4 Rc7 24. Kd4 Kf8 25. Rb2 Ke8 26. Ra1 Ra7 27. Ra3
Rc7 28. h4 h5 29. f3 Ke7 30. b5 a5 31. bxc6 Rxc6 32. Rb5 f6 33. Nxd5+ 1-0

[Event "KP 2024/25,J. Horice-TJ Hronov"]
[Site "?"]
[Date "2025.02.02"]
[Round "7.6"]
[White "Gorecki, Janusz"]
[Black "Kohout, Jan"]
[Result "1-0"]
[WhiteElo "1743"]
[BlackElo "1918"]
[PlyCount "119"]
[EventDate "2025.02.02"]

1. e4 c5 2. Nc3 e6 3. Bc4 a6 4. a4 Nc6 5. f4 Nge7 6. e5 d6 7. exd6 Qxd6 8. Ne4
Qxf4 9. d3 Qc7 10. Nf3 Ng6 11. O-O Nce5 12. Nxe5 Nxe5 13. Bf4 Bd6 14. Nxd6+
Qxd6 15. Qe2 Qd4+ 16. Be3 Qg4 17. Qxg4 Nxg4 18. Bxc5 Ne5 19. Bb3 Nc6 20. Rae1
Nd8 21. d4 f6 22. Bb6 O-O 23. c3 Kf7 24. Bc5 Re8 25. Bd6 Nc6 26. d5 exd5 27.
Rxe8 Kxe8 28. Bxd5 Kd7 29. Bf8 Ne7 30. Bf7 Nc6 31. Bxg7 Ke7 32. Rxf6 Bg4 33.
Ba2 Rd8 34. Rf7+ Ke8 35. h3 Bc8 36. Rf1 Rd2 37. Bf7+ Ke7 38. b4 Be6 39. Bf6+
Kd6 40. Bxe6 Kxe6 41. b5 axb5 42. axb5 Na5 43. Bd4 Rb2 44. Rf6+ Ke7 45. Rh6
Rxb5 46. Rxh7+ Ke6 47. Rh6+ Kf7 48. Rf6+ Ke7 49. g4 Nc6 50. Rf4 Rd5 51. Kf2 Ke6
52. Ke3 b5 53. Rf6+ Kd7 54. Ke4 Ne7 55. Rf7 Rd6 56. Bf6 Re6+ 57. Kd3 Rd6+ 58.
Kc2 Ke6 59. Bxe7 Rd7 60. Rf5 1-0

[Event "KP 2024/25,J. Horice-TJ Hronov"]
[Site "?"]
[Date "2025.02.02"]
[Round "7.7"]
[White "Lustinec, Vladimir"]
[Black "Szablewski, Krzysztof"]
[Result "0-1"]
[WhiteElo "1906"]
[BlackElo "1866"]
[PlyCount "96"]
[EventDate "2025.02.02"]

1. e4 c6 2. d4 d5 3. Nd2 dxe4 4. Nxe4 Nf6 5. Ng3 Bg4 6. N1e2 Nbd7 7. h3 Bh5 8.
Nxh5 Qa5+ 9. c3 Qxh5 10. Qb3 Nb6 11. Nf4 Qa5 12. Bc4 Nxc4 13. Qxb7 Nb6 14.
Qxc6+ Nfd7 15. b4 Qa4 16. Qf3 Rc8 17. O-O Qc6 18. Qxc6 Rxc6 19. Ne2 Na4 20. Bd2
Ndb6 21. Rfc1 Nc4 22. Be1 e6 23. Nf4 Nab2 24. g3 Bd6 25. Ng2 Nd3 26. Rc2 Na3
27. Re2 Nxe1 28. Raxe1 Rxc3 29. Rb2 Nc4 30. Rbe2 Kd7 31. Rb1 Rb8 32. Ne3 Na3
33. Rbb2 Bxb4 34. Kg2 a5 35. d5 Rd3 36. dxe6+ fxe6 37. Ng4 Bd6 38. Rxb8 Bxb8
39. Rb2 Bc7 40. Ne3 Kc6 41. Kf3 Rc3 42. Re2 Nc4 43. g4 Nxe3 44. fxe3 Bb6 45.
Kf4 e5+ 46. Kf5 Rxe3 47. Rc2+ Kd5 48. Rd2+ Bd4 0-1